[Event "5th Budapest Open"]
[Site "Budapest"]
[Date "2015.08.23"]
[Round "9.16"]
[White "Schatzer, Andras"]
[Black "Persanyi, Barnabas"]
[Result "1/2-1/2"]
[WhiteElo "1809"]
[BlackElo "2064"]
[PlyCount "46"]
[EventDate "2014.08.15"]
[EventType "swiss"]
[EventRounds "9"]
[EventCountry "HUN"]

1. Nf3 g6 2. g3 Bg7 3. Bg2 d5 4. O-O c5 5. c4 Nf6 6. cxd5 Nxd5 7. Nc3 Nc6 8.
Nxd5 Qxd5 9. d3 O-O 10. a3 Qd7 11. Rb1 b6 12. b4 cxb4 13. axb4 Bb7 14. Bb2 Bxb2
15. Rxb2 Nd4 16. Nxd4 Bxg2 17. Kxg2 Qxd4 18. Rb1 Qd5+ 19. Kg1 h5 20. Qb3 Qxb3
21. Rxb3 Rfc8 22. Ra1 Rc2 23. e3 a5 1/2-1/2

[Event "5th Budapest Open"]
[Site "Budapest"]
[Date "2015.08.23"]
[Round "9.17"]
[White "Szurkos, Andras"]
[Black "Yip, Michael"]
[Result "0-1"]
[WhiteElo "1807"]
[BlackElo "1927"]
[PlyCount "120"]
[EventDate "2014.08.15"]
[EventType "swiss"]
[EventRounds "9"]
[EventCountry "HUN"]

1. e4 c5 2. d4 cxd4 3. Nf3 Nc6 4. Nxd4 Nf6 5. Nc3 d6 6. Bb5 Bd7 7. O-O e6 8. f4
Qc7 9. Be3 Be7 10. f5 O-O 11. Bxc6 bxc6 12. Nde2 d5 13. exd5 cxd5 14. Ng3 Rab8
15. Rb1 Bc6 16. Nce2 e5 17. c3 Ng4 18. Qd2 Nxe3 19. Qxe3 f6 20. Kh1 a5 21. a3
a4 22. Nc1 Bxa3 23. b4 axb3 24. Nxb3 Bd6 25. Nd2 Ba8 26. Rbc1 Bc5 27. Qe2 Rb2
28. Rfd1 Rfb8 29. Qg4 Kh8 30. Nf3 Be3 31. Ra1 Bc6 32. Nh4 Qb7 33. Nh5 d4 34.
cxd4 exd4 35. Re1 Bf2 36. Rec1 Bd5 37. Nf3 d3 38. Rd1 Be3 39. Nf4 Rb4 40. Ng6+
hxg6 41. Qh3+ Kg8 42. fxg6 Bh6 43. Nh4 Rxh4 44. Qxd3 Bxg2+ 45. Kg1 Qb6+ 46.
Kxg2 Qb2+ 47. Rd2 Qxd2+ 48. Qxd2 Bxd2 49. Kg3 Rh6 50. Rd1 Rxg6+ 51. Kf3 Bc3 52.
Rd3 Be5 53. h4 Rg3+ 54. Ke4 Rb4+ 55. Kf5 g6+ 56. Ke6 Rb6+ 57. Ke7 Rxd3 58. h5
Rb7+ 59. Ke8 g5 60. h6 Kh7 0-1

[Event "5th Budapest Open"]
[Site "Budapest"]
[Date "2015.08.23"]
[Round "9.18"]
[White "Gombocz, Ferenc Jr"]
[Black "Arellano Pardo, Martin"]
[Result "0-1"]
[WhiteElo "1637"]
[BlackElo "1912"]
[PlyCount "84"]
[EventDate "2014.08.15"]
[EventType "swiss"]
[EventRounds "9"]
[EventCountry "HUN"]

1. d4 Nf6 2. Nf3 e6 3. e3 d5 4. Bd3 Nbd7 5. b3 Be7 6. Bb2 b6 7. O-O Bb7 8. Nbd2
O-O 9. c4 c5 10. Rc1 Rc8 11. Ne5 Nxe5 12. dxe5 Ne4 13. Bxe4 dxe4 14. Qc2 Qd3
15. Bc3 Rcd8 16. Qb2 Rd7 17. Rfe1 b5 18. Nf1 b4 19. Rcd1 Qxd1 20. Rxd1 Rxd1 21.
Bd2 Rd8 22. Bc1 Re1 23. Bd2 Rd1 24. Bc1 f5 25. Qc2 R1d3 26. Bb2 Bc6 27. a3 a5
28. a4 R8d7 29. h3 Bd8 30. g3 Bc7 31. h4 Rd1 32. Kg2 Rd8 33. Kg1 Re1 34. Kg2
Rdd1 35. Nh2 Be8 36. g4 fxg4 37. Kg3 Bg6 38. Kf4 h5 39. f3 gxf3 40. Nxf3 Rf1
41. Kg3 Rxf3+ 42. Kg2 Rff1 0-1

[Event "5th Budapest Open"]
[Site "Budapest"]
[Date "2015.08.23"]
[Round "9.19"]
[White "Abraham, Lajos"]
[Black "Lesar, David"]
[Result "0-1"]
[WhiteElo "1781"]
[BlackElo "1882"]
[PlyCount "66"]
[EventDate "2014.08.15"]
[EventType "swiss"]
[EventRounds "9"]
[EventCountry "HUN"]

1. c4 f5 2. d4 Nf6 3. Nc3 g6 4. Bg5 Bg7 5. Qd2 c6 6. Bh6 O-O 7. Bxg7 Kxg7 8. f3
d5 9. b3 Nbd7 10. Nh3 e5 11. dxe5 Nxe5 12. O-O-O Be6 13. Nf4 Bf7 14. cxd5 cxd5
15. Kb1 Qe7 16. e3 a6 17. Be2 Rfd8 18. h3 g5 19. Nd3 Nc6 20. e4 f4 21. h4 h6
22. hxg5 hxg5 23. exd5 Nxd5 24. Nxd5 Rxd5 25. Qb2+ Nd4 26. Nxf4 gxf4 27. Rxd4
Re5 28. Rd7 Qf6 29. Qc2 Kf8 30. Rhd1 Be6 31. R7d6 Qe7 32. Kb2 Bf5 33. Qd2 Rxe2
0-1

[Event "5th Budapest Open"]
[Site "Budapest"]
[Date "2015.08.23"]
[Round "9.20"]
[White "Geher, Laszlo"]
[Black "Zsatkovics, Endre"]
[Result "1/2-1/2"]
[WhiteElo "1851"]
[BlackElo "1748"]
[PlyCount "106"]
[EventDate "2014.08.15"]
[EventType "swiss"]
[EventRounds "9"]
[EventCountry "HUN"]

1. e4 e5 2. Nf3 Nc6 3. Bb5 a6 4. Ba4 Nf6 5. d3 d6 6. O-O b5 7. Bb3 Be7 8. a4
Bg4 9. c3 Na5 10. Bc2 c5 11. Be3 O-O 12. Nbd2 Qc7 13. h3 Bd7 14. d4 cxd4 15.
cxd4 Rfc8 16. axb5 Qxc2 17. Rxa5 Bxb5 18. Qxc2 Rxc2 19. Rd1 Nd7 20. b3 Bd8 21.
Raa1 Bb6 22. Nc4 Bxc4 23. bxc4 exd4 24. Bxd4 Nc5 25. Rab1 Ba7 26. e5 dxe5 27.
Nxe5 Rc8 28. Bxc5 Bxc5 29. Nd3 Rxc4 30. Nxc5 R4xc5 31. Rd7 Rc1+ 32. Rxc1 Rxc1+
33. Kh2 Kf8 34. Kg3 a5 35. Ra7 Ra1 36. Kf4 Ra2 37. Ke3 a4 38. g4 a3 39. h4 Ra1
40. Kf4 a2 41. Kf5 Ke8 42. g5 Kd8 43. h5 Kc8 44. f4 Kb8 45. Ra3 Kb7 46. h6 gxh6
47. gxh6 Rh1 48. Rxa2 Rxh6 49. Rg2 Kc6 50. Rg7 Kd5 51. Rxf7 Rh5+ 52. Kg4 Ke6
53. Kxh5 Kxf7 1/2-1/2

[Event "5th Budapest Open"]
[Site "Budapest"]
[Date "2015.08.23"]
[Round "9.21"]
[White "Horvath, Csaba3"]
[Black "Sergyan, Gyula Zoltan"]
[Result "1/2-1/2"]
[WhiteElo "1823"]
[BlackElo "1585"]
[PlyCount "70"]
[EventDate "2014.08.15"]
[EventType "swiss"]
[EventRounds "9"]
[EventCountry "HUN"]

1. e4 d6 2. d4 Nf6 3. Nc3 g6 4. Be3 Bg7 5. f3 O-O 6. Bd3 Nbd7 7. Nge2 c5 8. Qd2
a6 9. O-O Qc7 10. dxc5 dxc5 11. Nf4 e6 12. Nh3 Rd8 13. Qf2 Ne5 14. Bxc5 Nfg4
15. fxg4 Nxg4 16. Qf4 Qxc5+ 17. Kh1 Ne5 18. Be2 b5 19. Nf2 Bb7 20. Nd3 Qc7 21.
a4 Rac8 22. axb5 axb5 23. Nxb5 Qxc2 24. Nxe5 f5 25. Rfe1 Rd2 26. Bf3 Qxb2 27.
exf5 Bxe5 28. Qxe5 Qxe5 29. Rxe5 Bxf3 30. gxf3 Rcc2 31. fxe6 Rxh2+ 32. Kg1
Rcg2+ 33. Kf1 Rb2 34. Kg1 Rbg2+ 35. Kf1 Rb2 1/2-1/2

[Event "5th Budapest Open"]
[Site "Budapest"]
[Date "2015.08.23"]
[Round "9.22"]
[White "Lakatos, Tamas"]
[Black "Horvath, Aron Balazs"]
[Result "1-0"]
[WhiteElo "1533"]
[BlackElo "1788"]
[PlyCount "73"]
[EventDate "2014.08.15"]
[EventType "swiss"]
[EventRounds "9"]
[EventCountry "HUN"]

1. e4 e5 2. Nf3 Nc6 3. Bb5 a6 4. Bxc6 dxc6 5. Nc3 f6 6. d3 Bc5 7. Qe2 Ne7 8.
Bd2 Be6 9. h3 Qd7 10. Be3 Bb6 11. Na4 Bxe3 12. Qxe3 b6 13. Nc3 c5 14. a3 Nc6
15. Ne2 Nd4 16. Nfxd4 cxd4 17. Qg3 O-O 18. O-O Qb5 19. f4 exf4 20. Nxf4 Bf7 21.
b3 Qc5 22. Qf2 Qe5 23. Ne2 c5 24. Qh4 a5 25. a4 Be6 26. Rf3 Bd7 27. Nf4 b5 28.
axb5 Bxb5 29. Qg4 Ra7 30. h4 Bd7 31. Qg3 Rfa8 32. h5 a4 33. h6 Qg5 34. hxg7
Qxg3 35. Rxg3 a3 36. Nd5 Ra6 37. Ne7+ 1-0

[Event "5th Budapest Open"]
[Site "Budapest"]
[Date "2015.08.23"]
[Round "9.23"]
[White "Ronyai, Imre"]
[Black "Liptak, Tibor"]
[Result "0-1"]
[WhiteElo "1549"]
[BlackElo "1833"]
[PlyCount "34"]
[EventDate "2014.08.15"]
[EventType "swiss"]
[EventRounds "9"]
[EventCountry "HUN"]

1. e4 e5 2. Nf3 Nc6 3. Bb5 Nd4 4. Bc4 Nf6 5. Nc3 Bc5 6. d3 c6 7. a3 O-O 8. O-O
d5 9. Ba2 Bg4 10. Bg5 h6 11. Bh4 g5 12. Bg3 dxe4 13. dxe4 Nxf3+ 14. gxf3 Qxd1
15. Nxd1 Bxf3 16. Bxe5 Nxe4 17. Ne3 Rae8 0-1

[Event "5th Budapest Open"]
[Site "Budapest"]
[Date "2015.08.23"]
[Round "9.24"]
[White "Kanizaj, Benjamin"]
[Black "Bellan, Istvan"]
[Result "0-1"]
[WhiteElo "1662"]
[BlackElo "1848"]
[PlyCount "72"]
[EventDate "2014.08.15"]
[EventType "swiss"]
[EventRounds "9"]
[EventCountry "HUN"]

1. e4 c6 2. d4 d5 3. e5 Bf5 4. Nc3 e6 5. g4 Bg6 6. Nge2 Ne7 7. h4 h6 8. Nf4 Nd7
9. Nxg6 Nxg6 10. h5 Ne7 11. f4 a6 12. Bd3 c5 13. Be3 cxd4 14. Bxd4 Nc6 15. Ne2
Nc5 16. c3 Nxd3+ 17. Qxd3 Qc7 18. a3 Be7 19. Rc1 b5 20. O-O Na5 21. f5 Qc4 22.
Qf3 Nb3 23. fxe6 fxe6 24. Qf7+ Kd7 25. Nf4 Nxd4 26. cxd4 Qxd4+ 27. Rf2 Qxe5 28.
Ng6 Qg3+ 29. Kf1 Rhe8 30. Qxg7 Qh3+ 31. Rg2 Qh1+ 32. Kf2 Qxc1 33. Ne5+ Kc7 34.
Rg3 Rf8+ 35. Kg2 Qf1+ 36. Kh2 Rf2+ 0-1

[Event "5th Budapest Open"]
[Site "Budapest"]
[Date "2015.08.23"]
[Round "9.26"]
[White "Bangha, Otto Peter"]
[Black "Szlenka, Attila"]
[Result "0-1"]
[WhiteElo "1427"]
[BlackElo "1765"]
[PlyCount "126"]
[EventDate "2014.08.15"]
[EventType "swiss"]
[EventRounds "9"]
[EventCountry "HUN"]

1. e4 Nf6 2. e5 Nd5 3. c4 Nb6 4. d4 d6 5. Bf4 dxe5 6. Bxe5 Nc6 7. c5 Nxe5 8.
cxb6 Ng6 9. bxa7 e5 10. Nf3 Bg4 11. Qb3 Bxf3 12. Qxf3 Bb4+ 13. Nc3 Rxa7 14.
dxe5 O-O 15. Bb5 c6 16. Be2 Nxe5 17. Qe3 Qa5 18. O-O Bxc3 19. bxc3 Raa8 20.
Rfb1 Rab8 21. Rb3 Nd7 22. Rab1 Nc5 23. Rb6 Rfe8 24. Qf3 Qxa2 25. R6b2 Qe6 26.
Bf1 Qe4 27. Qxe4 Rxe4 28. g3 Rbe8 29. f4 Kf8 30. Kf2 h6 31. Re2 Rxe2+ 32. Bxe2
Ke7 33. c4 Kd6 34. Rd1+ Kc7 35. Rd4 f6 36. g4 Re4 37. Rxe4 Nxe4+ 38. Ke3 Nc5
39. h4 g5 40. hxg5 hxg5 41. fxg5 fxg5 42. Kd4 Kd6 43. Bf1 Nb3+ 44. Kc3 Nc5 45.
Kd4 b6 46. Be2 Ke6 47. Bf1 Nb3+ 48. Kc3 Na5 49. Kb4 Nb7 50. Bg2 Nd8 51. Bf1 Ke5
52. c5 b5 53. Be2 Kd4 54. Bf3 Ke3 55. Bd1 Nf7 56. Ka5 Ne5 57. Kb6 Kd4 58. Be2
b4 59. Bd1 Nd7+ 60. Kxc6 Nxc5 61. Kd6 b3 62. Bxb3 Nxb3 63. Ke6 Ke4 0-1

[Event "5th Budapest Open"]
[Site "Budapest"]
[Date "2015.08.23"]
[Round "9.27"]
[White "Czimer, Jozsef"]
[Black "Bartok, David Dominik"]
[Result "1/2-1/2"]
[WhiteElo "1706"]
[BlackElo "1610"]
[PlyCount "97"]
[EventDate "2014.08.15"]
[EventType "swiss"]
[EventRounds "9"]
[EventCountry "HUN"]

1. Nf3 d5 2. e3 Nf6 3. c4 e6 4. Nc3 Be7 5. d4 c6 6. Qb3 Nbd7 7. cxd5 exd5 8.
Bd3 Nb6 9. h3 h6 10. O-O O-O 11. Rd1 Be6 12. Qc2 Qd6 13. Qe2 Rfe8 14. Ne5 Qd8
15. f4 Qc8 16. Qf3 Bf5 17. g4 Bxd3 18. Rxd3 Nfd7 19. b3 Nxe5 20. fxe5 Qe6 21.
Ne2 f6 22. exf6 Bxf6 23. Bd2 Qe4 24. Qxe4 Rxe4 25. Rf1 a5 26. Ng3 Ree8 27. Nf5
Re6 28. Rf3 a4 29. Bb4 Nc8 30. Kg2 Ne7 31. a3 Nxf5 32. gxf5 Ree8 33. Bd6 Be7
34. Bxe7 Rxe7 35. b4 b5 36. Rc3 Ra6 37. f6 Rf7 38. fxg7 Rxg7+ 39. Kf2 Rg6 40.
Rf4 Ra7 41. e4 dxe4 42. Rxe4 Rf7+ 43. Rf3 Kg7 44. Rg4 Rxg4 45. hxg4 Rxf3+ 46.
Kxf3 Kf7 47. Ke3 Ke7 48. Kf3 Kf7 49. Ke3 1/2-1/2

[Event "5th Budapest Open"]
[Site "Budapest"]
[Date "2015.09.28"]
[Round "9.28"]
[White "Bodrogi, Laszlo"]
[Black "Bolyki, Istvan"]
[Result "1-0"]
[WhiteElo "1985"]
[BlackElo "1394"]
[PlyCount "55"]
[EventDate "2014.08.15"]
[EventType "swiss"]
[EventRounds "9"]
[EventCountry "HUN"]

1. e4 e5 2. Nf3 Nc6 3. Bb5 a6 4. Ba4 Nf6 5. d4 exd4 6. O-O b5 7. e5 Nd5 8. Bb3
Nb6 9. Ng5 Nc4 10. a4 Bb7 11. Re1 Be7 12. Qh5 Bxg5 13. Bxg5 Ne7 14. Bf6 c5 15.
Bxg7 Rg8 16. Qxh7 Qc7 17. Na3 Qc6 18. f3 O-O-O 19. axb5 axb5 20. Bxc4 bxc4 21.
Nxc4 Nf5 22. Qxf5 Rxg7 23. Ra7 Kb8 24. Na5 Kxa7 25. Nxc6+ Bxc6 26. e6 fxe6 27.
Qxc5+ Kb7 28. Ra1 1-0

[Event "5th Budapest Open"]
[Site "Budapest"]
[Date "2015.08.29"]
[Round "9.29"]
[White "Papp, Andrea"]
[Black "Rinyu, Janos"]
[Result "1/2-1/2"]
[WhiteElo "1601"]
[BlackElo "1845"]
[PlyCount "53"]
[EventDate "2014.08.15"]
[EventType "swiss"]
[EventRounds "9"]
[EventCountry "HUN"]

1. e4 b6 2. d4 Bb7 3. Nc3 e6 4. a3 Nf6 5. e5 Nd5 6. Nxd5 Bxd5 7. Qg4 g6 8. Bg5
Be7 9. Bh6 Bf8 10. Bg5 Be7 11. Bh6 d6 12. Nf3 Nd7 13. Be2 Rc8 14. O-O Bf8 15.
Bg5 Bxf3 16. Bxf3 Be7 17. Bxe7 Qxe7 18. exd6 cxd6 19. c3 O-O 20. Rfe1 Qf6 21.
Qe4 Rc7 22. Be2 Rfc8 23. Ba6 Rd8 24. Bb5 Nb8 25. Qe2 Nc6 26. Bxc6 Rxc6 27. Rad1
1/2-1/2

[Event "5th Budapest Open"]
[Site "Budapest"]
[Date "2015.08.23"]
[Round "9.30"]
[White "Karacsonyi, Luca"]
[Black "Sulyok, Eszter"]
[Result "0-1"]
[WhiteElo "1115"]
[BlackElo "1324"]
[PlyCount "78"]
[EventDate "2014.08.15"]
[EventType "swiss"]
[EventRounds "9"]
[EventCountry "HUN"]

1. e4 c5 2. c3 e6 3. d4 cxd4 4. cxd4 a6 5. Nf3 Nf6 6. Nc3 Bb4 7. Bd2 Bxc3 8.
bxc3 Nxe4 9. Bd3 Nxd2 10. Qxd2 O-O 11. O-O d6 12. Rab1 d5 13. Qc2 h6 14. Ne5
Nd7 15. Rfe1 Nxe5 16. dxe5 b5 17. Re3 Bb7 18. Rg3 f5 19. exf6 Qxf6 20. Rb4 Rac8
21. Rbg4 Rc7 22. Rg6 Qf4 23. Qe2 Qc1+ 24. Qf1 Qxf1+ 25. Bxf1 Re7 26. Rxh6 Kf7
27. Rhg6 Rg8 28. Be2 Ke8 29. Bh5 Kd7 30. Bg4 Rc8 31. Bh3 b4 32. Rd3 bxc3 33.
Rd1 c2 34. Rc1 d4 35. Rg3 Be4 36. Bg4 d3 37. Re3 Bg6 38. Bf3 d2 39. Re5 dxc1=Q+
0-1